| 000 | ncm a22 a 4500 | ||
|---|---|---|---|
| 999 |
_c351193 _d351193 |
||
| 003 | BLK | ||
| 005 | 20200416065702.0 | ||
| 008 | 200403b bu ||||| |||| 00| 0 bu d | ||
| 040 | _aBLK | ||
| 041 |
_aRUS _cRUS |
||
| 080 |
_aДуо тромбон и пиано _b785.72:788.2:786.2 _z785.72:788.2:786.2 |
||
| 100 |
_9362674 _aДварионас, Балис Доминико _eпърви автор |
||
| 139 |
_aДварионас, Балис Доминико _bД 26 |
||
| 245 |
_aТема с вариациями _bДля тромбона с фортепиано _cБалис Доминникович |
||
| 257 | _aSUN | ||
| 260 |
_9402764 _aМосква _bМузыка _c1967 |
||
| 300 |
_a15 с. _c30 см |
||
| 380 | _a7 | ||
| 650 | 0 |
_9403607 _aДуо - тромбон и пиано |
|
| 653 | 7 |
_9198691 _aтромбони |
|
| 653 | 7 |
_9193730 _aпиано |
|
| 852 | _aЦб М ІІ 4635 | ||
| 942 |
_cNOT _n0 _s1 |
||
| 944 |
_c2020-04-03 _kВалентина Сараджова |
||
| 999 | _d351193 | ||
| 999 | _d351193 | ||